Statistics for NFL LEGENDS QUIZ... 1 TEAM OR MORE?

Click here to take the quiz!

General Stats

  • This quiz has been taken 50 times
  • The average score is 19 of 25

Answer Stats

HintAnswer% Correct
Ray Lewis1 TEAM
98%
Larry Fitzgerald1 TEAM
90%
Calvin Johnson1 TEAM
90%
Barry Sanders1 TEAM
90%
Ben Roethlisberger1 TEAM
90%
Walter Payton1 TEAM
88%
Dan Marino1 TEAM
88%
Tony Romo1 TEAM
88%
Troy Aikman1 TEAM
83%
Lawrence Taylor1 TEAM
81%
John Elway1 TEAM
81%
Jim Kelly1 TEAM
79%
Reggie WhiteMORE THAN 1 TEAM
79%
Joe MontanaMORE THAN 1 TEAM
76%
Steve Smith Sr.MORE THAN 1 TEAM
76%
Jerry RiceMORE THAN 1 TEAM
76%
Drew BreesMORE THAN 1 TEAM
76%
LaDainian TomlinsonMORE THAN 1 TEAM
64%
Daunte CulpepperMORE THAN 1 TEAM
64%
Michael Irvin1 TEAM
60%
Warren MoonMORE THAN 1 TEAM
60%
Emmitt SmithMORE THAN 1 TEAM
60%
Marcus AllenMORE THAN 1 TEAM
55%
Boomer EsiasonMORE THAN 1 TEAM
50%
O.J. SimpsonMORE THAN 1 TEAM
31%

Score Distribution

Percentile by Number Answered

Percent of People with Each Score

Your Score History

You have not taken this quiz